UML in a nutshell: A desktop quick reference (Record no. 182)

MARC details
000 -LEADER
fixed length control field 00370nam a2200133Ia 4500
008 - FIXED-LENGTH DATA ELEMENTS--GENERAL INFORMATION
fixed length control field 130318s9999 xx 000 0 und d
020 ## - INTERNATIONAL STANDARD BOOK NUMBER
International Standard Book Number 8173660352
082 ## - DEWEY DECIMAL CLASSIFICATION NUMBER
Classification number 005.12028 ALH/U
100 ## - MAIN ENTRY--PERSONAL NAME
Personal name Alhir, Sinan Si
245 ## - TITLE STATEMENT
Title UML in a nutshell: A desktop quick reference
260 ## - PUBLICATION, DISTRIBUTION, ETC.
Name of publisher, distributor, etc. Oreilly/Shroff Publishers and Distributors
Place of publication, distribution, etc. Mumbai
Date of publication, distribution, etc. 1998
300 ## - PHYSICAL DESCRIPTION
Extent 273
650 ## - SUBJECT ADDED ENTRY--TOPICAL TERM
Topical term or geographic name entry element UML
Holdings
Withdrawn status Lost status Source of classification or shelving scheme Damaged status Not for loan Collection code Home library Current library Shelving location Date acquired Cost, normal purchase price Total Checkouts Full call number Barcode Date last seen Date last checked out Price effective from Koha item type
    Dewey Decimal Classification       Kerala University of Digital Sciences, Innovation and Technology Knowledge Centre Kerala University of Digital Sciences, Innovation and Technology Knowledge Centre   18/03/2013 178.00 3 005.12028 ALH/U 182 22/12/2014 20/12/2014 18/03/2013 Archives